|
|
แสดงรายละเอียดบรรณานุกรม |
|
|
Brief Record
: Get Marc (ISO 2709)
: E-mail record
: |
|
|
| LEADER 00000nam 2200000uu 4500 | |||
| 001 211933 | |||
| 003 ULIBM | |||
| 008 180417s||||||||th 000 0 tha d | |||
| 020 ^a978-611-7120-06-0 | |||
| 040 ^abcnkk | |||
| 041 ^atha | |||
| 090 ^aนว ณ342ย 2552 | |||
| 100 0 ^aณัฐภัทรา | |||
| 245 00 ^aยอดรักนักสืบ/^cณัฐภัทรา :แปล | |||
| 260 ^aกรุงเทพฯ :^bเกรซลิชชิ่ง,^c2552 | |||
| 300 ^a222 หน้า ;^c21 ซม | |||
| 440 ^aนิยายลำดับที่ 27 | |||
| 650 0 ^aนวนิยาย--^xไทย | |||
| 999 ^aใช้งานได้ทุกระบบ | |||
| คุณยังไม่ได้ล็อกอิน คุณสามารถมีกิจกรรมร่วมกับเว็บไซต์ได้ แต่ต้องล็อกอินก่อน :: |
|
| สถานะ | |||||||||
| 1. | นวนิยาย | นว ณ342ย 2552 ฉ.1 | On Shelf ขอยืม | ||||||
| Note:บริจาค | |||||||||
| [แสดง 1/1 รายการ] | |||||||||
BibComment |
| คอมเมนท์ทรัพยากรรายการนี้ |
|
|